| 000 | 00821nam a22001337a 4500 | ||
|---|---|---|---|
| 040 | _cRUA | ||
| 082 | _aAGR OUK 2014 B431 Or.1 | ||
| 100 | _aOUKCHIM RATHA អ៊ុកជីម រដ្ឋា | ||
| 245 | _aEffect of herbicides and planting technique on mediem rice variety (Phka chan sen sar) at royal university of agriculture, ឥទ្ទិពលនៃថ្នាំកំចាត់ស្មៅចង្រៃនិងបច្ចេកទេសដាំដុះទៅលើពូជស្រូវផ្កាចន្ទ័សែនសរនៅសាកលវិទ្យាល័យភូមិន្ទកសិកម្ម | ||
| 260 |
_aPhnom Penh _bRUA _c2016 |
||
| 300 |
_axi; 64p. _bill. _c29cm. |
||
| 856 | _uhttps://drive.google.com/file/d/15G3d-axj4EsVF3wAd5LTj7qr8garT2eG/view?usp=sharing | ||
| 942 | _cAGR | ||
| 999 |
_c7024 _d7024 |
||